000 00866nam a2200253Ia 4500
003 OSt
005 20220923212606.0
006 a|||||r|||| 00| 0
007 ta
008 220922b |||||||| |||| 00| 0 hin d
024 _a154,305
037 _cTextual
040 _aARTS
_cARTS
_bhin
041 _2hin
_ahin
082 _aO152w, M2
100 _aसहाय, कमेश्वर शरण
245 0 _aहिन्दी का संस्मरण साहित्य
246 _aHindī kā sansmaraṇ sāhitya
260 _aवाराणासी
_b विश्वविद्यालय प्रकाशन
_c1982
300 _a427 पृ.
_ccm.
650 _aहिन्दी साहित्य
_9156264
942 _hO152w, M2
_cTEXL
_2CC
999 _c309933
_d309933